FR - Kingdom Hearts - Organisation XIII, nom humain - Statistiques

Statistiques générales
  • Ce quiz a été pris 308 fois
  • Le résultat moyen est 8 sur 14
Statistiques - réponses
Indice Réponse % Correct
1-Xemnas, le supérieur Ansem ou Xehanort
97%
8-Axel, rafale des flammes dansante Lea
97%
13-Roxas, la clé du destin Sora
95%
7-Saïx, le devin lunaire Isa
90%
4-Vexen, le savant glacial Even
86%
2-Xigbar, l'archer Braig
73%
3-Xaldin, la lance tourbillonante Dilan
73%
6-Zexion, le conspirateur ténébreux Ienzo
66%
14-Xion (BONUS) No One ( No I )
64%
5-Lexaeus, le héros silencieux Aeleus
42%
9-Demyx, mélopée nocturne Dyme
41%
12-Larxene, la nymphe furieuse Arlene
17%
10-Luxord, le joueur de destin Ruldo
4%
11-Marluxia, l'assassin sublime Lamuria
3%
Aucun quiz correspondant
Distribution des résultats
% des personnes avec chaque résultat
Percentile par nombre de réponses
Votre historique - résultats
Vous n’avez pas pris ce quiz